| 000 | 01031nam a22003137a 4500 | ||
|---|---|---|---|
| 003 | CHAP | ||
| 005 | 20220817044455.0 | ||
| 008 | 110824s1975 mx a r 00010 spa d | ||
| 010 | _a101921 | ||
| 011 | _a102893 | ||
| 035 | _a113582 | ||
| 040 | _cCHAP | ||
| 090 | _aFolleto 18020 | ||
| 110 | 1 |
_aMéxico. Secretaría de Agricultura y Ganadería _977111 |
|
| 245 | 1 | 0 |
_aSAG : _brevista de divulgación de la Dirección General de Avicultura y Especies Menores _c/por Secretaría de Agricultura y Ganadería |
| 260 |
_aMéxico, D.F. _bS.A.G., _c1975 |
||
| 300 |
_a32 p. : _bilus. |
||
| 590 |
_aBATCH-UPD _b10 _c20130110 _lUCH01 _h1541 |
||
| 590 |
_aBATCH-UPD _b10 _c20130410 _lUCH01 _h0943 |
||
| 590 |
_aBATCH-UPD _b10 _c20130914 _lUCH01 _h0456 |
||
| 590 |
_aCONVERSION _b10 _c20130109 _lUCH01 _h1356 |
||
| 650 | 1 | 4 |
_aAbejas. _9182 |
| 650 | 1 | 4 | _aAvicultura. |
| 650 | 1 | 4 |
_aCunicultura. _930449 |
| 650 | 1 | 4 |
_aPolinización. _990237 |
| 901 | _aBK | ||
| 942 | _cFOLL | ||
| 949 |
_aFolleto 18020 _bBC _cFOLL _d33724002302603 _eTS1 _i113582 _sb |
||
| 999 |
_c101921 _d101921 |
||